000 01262nam a2200337 a 4500
001 000111579
003 CHAP
005 20220329144219.0
008 150617s2015 mx sm |||||||spa d
010 _a108041
011 _a109013
040 _cCHAP
090 _aTesis
100 1 _aBrito Rivera, Luis Fernando
_915442
245 1 0 _aPerspectivas y retos en la formación del profesorado :
_h[En línea]
_bun estudio sociocultural /
_cpor Luis Fernando Brito Rivera.
260 _aChapingo, Méx. :
_bEl autor,
_c2015.
500 _aPara ver el contenido del material haga clic en la liga
502 _aTesis (Ph.D. en Ciencias en Educación Agrícola Superior) -- UACH. Departamento de Sociología Rural
590 _aBATCH
_b00
_c20181121
_lUCH01
_h0759
590 _aE11695DGD
_b10
_c20150618
_lUCH01
_h1151
590 _aE5765TAJ
_b05
_c20150617
_lUCH01
_h1239
590 _aE5765TAJ
_b05
_c20150617
_lUCH01
_h1240
650 1 4 _aEducación
_xAspectos sociales
_zMéxico.
_9127743
650 1 4 _aEducación
_xEstudio y enseñanza.
_935443
650 1 4 _aEducación
_xFormación de profesores.
_935448
856 _a1
_n0001041
856 _aFinding aid
_uhttp://10.13.5.2/tesis/sist111579.pdf
_zTeclea aquí
901 _aBK
942 _cTESIS
942 _n0
999 _c108041
_d108041